NFL Kickers - Statistics

General Stats
  • This quiz has been taken 32 times
  • The average score is 10 of 32
Answer Stats
Team Answer % Correct
Ravens Justin Tucker
68%
Colts Adam Vinatieri
58%
Chiefs Harrison Butker
58%
Rams Greg Zuerlein
52%
Packers Mason Crosby
48%
Lions Matt Prater
48%
Broncos Brandon McManus
45%
Panthers Graham Gano
42%
Eagles Jake Elliott
42%
Patriots Nick Folk
39%
Saints Will Lutz
39%
Steelers Chris Boswell
35%
Dolphins Jason Sanders
35%
49ers Robbie Gould
35%
Titans Ryan Succop
35%
Falcons Younghoe Koo
35%
Bills Stephen Hauschka
32%
Raiders Daniel Carlson
29%
Jaguars Josh Lambo
26%
Vikings Dan Bailey
23%
Redskins Dustin Hopkins
23%
Seahawks Jason Myers
23%
Texans Ka'imi Fairbairn
23%
Cardinals Zane Gonzalez
19%
Giants Aldrick Rosas
16%
Cowboys Brett Maher
16%
Bears Eddy Pineiro
13%
Chargers Michael Badgley
13%
Browns Austin Seibert
10%
Bengals Randy Bullock
10%
Jets Sam Ficken
6%
Buccaneers Roberto Aguayo
3%
No matching quizzes found
Score Distribution
Percent of People with Each Score
Percentile by Number Answered
Your Score History
You have not taken this quiz